Take On Me - a-ha - All Lyrics - Statistics

General Stats
  • This quiz has been taken 109 times
  • The average score is 155 of 194
Answer Stats
Answer % Correct
a
99%
me
99%
me)
99%
on
99%
on)
99%
Take
99%
(Take
99%
I
97%
Oh,
95%
be
90%
to
90%
I'll
88%
say
86%
Say
86%
you
85%
away
81%
away?
81%
day
81%
in
81%
In
81%
gone
79%
it
79%
or
79%
anyway
75%
don't
75%
two
74%
is
71%
know
71%
what
71%
your
71%
for
70%
So,
70%
We're
70%
and
67%
talking
64%
the
63%
okay?
62%
okay
62%
love,
60%
No,
60%
no
60%
I'm
58%
shyin'
58%
sorry"
58%
Today
56%
than
55%
find
53%
"It's
53%
safe
53%
that
53%
better
51%
But
51%
comin'
51%
needless
51%
another
42%
my
40%
things
40%
Yeah,
37%
after
36%
just
36%
You're
36%
life
33%
all
32%
ends
30%
got
29%
I've
29%
odds
29%
remember
25%
worries
22%
learnin'
19%
stumblin'
19%
Slowly
18%
play
16%
No matching quizzes found
Score Distribution
Percent of People with Each Score
Percentile by Number Answered
Your Score History
You have not taken this quiz